Military Invasions and Occupations by the Soviet Union - Statistics

General Stats
  • This quiz has been taken 2,286 times
  • The average score is 11 of 14
Answer Stats
Occupation Country/Region % Correct
1939-89 Poland
96%
1945 Germany
95%
1979-91 Afghanistan
88%
1940 Finnish Territories
88%
1944, 1956 Hungary
86%
1944 Romania
85%
1940-91 Batlic States
83%
1944, 1968-91 Czechoslovakia
79%
1944 Bulgaria
78%
1945-46 Manchuria
77%
1945-48 Korea
64%
1945-55 Austria
60%
1941-46 Modern Iran
60%
1944-46 Northern Norway
32%
No matching quizzes found
Score Distribution
Percent of People with Each Score
Percentile by Number Answered
Your Score History
You have not taken this quiz